LEADER 01512nam a2200325 i 4500 001 000000157872 003 CaOOAMICUS 005 20070123000000.0 008 070123s1990 it u000 u ita u 013 $a135233 020 $a88-18-92004-9 040 $aSeMil$bita 100 1 $aPolanyi, Michael <1891-1976>.$0(OLS)http://semarc/name/28070 240 10$aPersonal knowledge :$btowards a post-critical philosophy.$0(OLS)http://semarc/title/231620 245 13$aLa conoscenza personale :$bverso una filosofia post-critica /$cMichael Polanyi ; A cura di Emanuele Riverso. 260 $aMilano :$bRusconi,$c1990. 300 $a624 p. ;$c22 cm. 490 0 $aLa filosofia contemporanea 500 $aContiene : Bibliografia degli scritti di Michael Polinayi. - Fondo Card. Giovanni Colombo. 650 4$aGnoseologia filosofica.$0(OLS)http://semarc/subject/5462 650 4$aStato totalitario.$0(OLS)http://semarc/subject/14788 700 1 $aRiverso, Emanuele,$d<1928-2007>.$0(OLS)http://semarc/name/16196 830 3$aLa filosofia contemporanea.$0(OLS)http://semarc/title/14513 850 $aSeMil 852 $aSeMil$W1$xVenegono$y1$m1O IV 139$j109547$B109547$CSeMilBibl$Z2$F119155 $81 941 1 $a3 961 $aLascito: Colombo Card. Giovanni 996 $6020$a88-18-92004-9$9(OLS)http://semarc/number/148289 996 $6245$aLa conoscenza personale :$bverso una filosofia post-critica$9(OLS)http://semarc/title/231619 996 $6260$aMilano :$bRusconi$9(OLS)http://semarc/publisher/30258 LEADER 01204nam a2200265 i 4500 001 000000238214 003 CaOOAMICUS 005 20150122000000.0 008 150122s1981 it u000 u ita u 013 $a217119 040 $aSeMil$bita 100 1 $aGottifredi, Antonio.$0(OLS)http://semarc/name/81200 245 10$aLavoratori cattolici a Lecco :$bdalla fine dell'ottocento all'avvento del fascismo /$cAntonio Gottifredi. 260 $aRoma :$bEdizioni Lavoro,$ccopyr. 1981. 300 $a173 p. ;$c21 cm. 490 0 $aContributi ;$v8 500 $aContiene : Appendice ; Note biografiche. 650 4$aLecco - Storia.$0(OLS)http://semarc/subject/44712 650 4$aLecco - Lavoro.$0(OLS)http://semarc/subject/42158 830 0$aContributi ;$v8.$0(OLS)http://semarc/title/6538 850 $aSeMil 852 $aSeMil$W1$xVenegono$y1$m3N I 348$j188560$B188560$CSeMilBibl$Z2$F199283 $81 852 $aSeMil$W1$xVenegono$y1$m3M II 239$j241783$B245748$CSeMilBibl$Z2$F245748 $81 996 $6245$aLavoratori cattolici a Lecco :$bdalla fine dell'ottocento all'avvento del fascismo$9(OLS)http://semarc/title/339461 996 $6260$aRoma :$bEdizioni Lavoro$9(OLS)http://semarc/publisher/31304